MARC

LEADER 00000nam0a2200000 4500
001 284726
005 20231101235726.0
020 |a RU  |b 85-42984 
035 |a (RuTPU)RU\TPU\book\308908 
090 |a 284726 
100 |a 20150217d1985 k y0rusy5003 ca 
101 0 |a rus 
102 |a RU 
105 |a y z 100zy 
200 1 |a Бессмертие всенародного подвига  |e материалы конференции, 9-10 апреля, 1985 г., г. Москва  |f Академия наук СССР (АН СССР) ; Институт марксизма-ленинизма (ИМЛ) ; Академия общественных наук при ЦК КПСС ; П. Н. Федосеева 
210 |a Москва  |c Наука  |d 1985 
215 |a 127 с. 
300 |a 40 лет Великой Победы 
606 1 |a Великая Отечественная война 1941-1945  |2 stltpush  |3 (RuTPU)RU\TPU\subj\66603  |9 82654 
610 1 |a история 
610 1 |a 20 век 
610 1 |a фашизм 
610 1 |a гитлеровский нацизм 
610 1 |a нацистские режимы 
610 1 |a тыловое обеспечение 
610 1 |a материалы конференций 
686 |a Т3(2)622л0  |2 rubbk 
702 1 |a Федосеев  |b П. Н.  |g Петр Николаевич 
712 0 2 |a Академия наук СССР (АН СССР)  |c (Ленинград/Москва)  |c (1925-1991)  |2 stltpush  |3 (RuTPU)RU\TPU\col\722 
712 0 2 |a Институт марксизма-ленинизма (ИМЛ)  |c (Москва)  |c (1956-1991)  |2 stltpush  |3 (RuTPU)RU\TPU\col\4702 
712 0 2 |a Академия общественных наук при ЦК КПСС  |2 stltpush  |3 (RuTPU)RU\TPU\col\11311  |9 25033 
712 1 2 |a Бессмертие всенародного подвига  |c конференция  |e Москва  |f 1985  |4 570 
801 0 |a RU  |b RuMRKP  |c 19950704  |g psbo 
801 1 |a RU  |b 63413507  |c 20150217 
801 2 |a RU  |b 63413507  |c 20171026  |g RCR 
942 |c BK